<?xml version="1.0" encoding="UTF-8"?>
<record
    xmlns:xsi="http://www.w3.org/2001/XMLSchema-instance"
    xsi:schemaLocation="http://www.loc.gov/MARC21/slim http://www.loc.gov/standards/marcxml/schema/MARC21slim.xsd"
    xmlns="http://www.loc.gov/MARC21/slim">

  <leader>00926nam a2200265 a 4500</leader>
  <controlfield tag="001">BRCA_2554</controlfield>
  <controlfield tag="005">20190320203849.0</controlfield>
  <controlfield tag="008">261108s1948----sp-a---###---#000-0#spa-u</controlfield>
  <datafield tag="041" ind1=" " ind2=" ">
    <subfield code="a">spa</subfield>
  </datafield>
  <datafield tag="044" ind1=" " ind2=" ">
    <subfield code="a">sp</subfield>
  </datafield>
  <datafield tag="050" ind1=" " ind2="4">
    <subfield code="a">NK4670.7.S6</subfield>
    <subfield code="b">.S26 1948</subfield>
  </datafield>
  <datafield tag="100" ind1="1" ind2=" ">
    <subfield code="a">Sancho Corbacho, Antonio</subfield>
    <subfield code="9">7310</subfield>
  </datafield>
  <datafield tag="245" ind1="1" ind2="0">
    <subfield code="a">La cer&#xE1;mica andaluza</subfield>
    <subfield code="b">azulejos sevillanos del siglo XVI</subfield>
    <subfield code="c">Antonio Sancho Corbacho.</subfield>
  </datafield>
  <datafield tag="260" ind1=" " ind2=" ">
    <subfield code="a">Sevilla, Espa&#xF1;a</subfield>
    <subfield code="b">Laboratorio de Arte, Universidad de Sevilla</subfield>
    <subfield code="c">1948</subfield>
  </datafield>
  <datafield tag="300" ind1=" " ind2=" ">
    <subfield code="a">61 p.</subfield>
    <subfield code="b">il.</subfield>
    <subfield code="c">23 cm.</subfield>
  </datafield>
  <datafield tag="500" ind1=" " ind2=" ">
    <subfield code="a">Incluye &#xED;ndice de personas y lugares e &#xED;ndice de l&#xE1;minas.</subfield>
  </datafield>
  <datafield tag="500" ind1=" " ind2=" ">
    <subfield code="a">La biblioteca tiene 2 ejemplares con el mismo n&#xFA;mero de inventario</subfield>
  </datafield>
  <datafield tag="500" ind1=" " ind2=" ">
    <subfield code="a">A34</subfield>
  </datafield>
  <datafield tag="650" ind1="1" ind2="4">
    <subfield code="a">Cer&#xE1;mica andaluza</subfield>
    <subfield code="9">7311</subfield>
  </datafield>
  <datafield tag="650" ind1="1" ind2="4">
    <subfield code="a">Azulejos espa&#xF1;oles</subfield>
    <subfield code="9">7221</subfield>
  </datafield>
  <datafield tag="650" ind1="1" ind2="4">
    <subfield code="a">Decoraci&#xF3;n y ornamentaci&#xF3;n arquitect&#xF3;nicas</subfield>
    <subfield code="9">7312</subfield>
  </datafield>
  <datafield tag="650" ind1="1" ind2="4">
    <subfield code="a">Cer&#xE1;mica</subfield>
    <subfield code="x">Historia</subfield>
    <subfield code="z">Espa&#xF1;a</subfield>
    <subfield code="9">2051</subfield>
  </datafield>
  <datafield tag="902" ind1=" " ind2=" ">
    <subfield code="a">GFM</subfield>
  </datafield>
  <datafield tag="942" ind1=" " ind2=" ">
    <subfield code="2">lcc</subfield>
    <subfield code="c">B</subfield>
  </datafield>
  <datafield tag="999" ind1=" " ind2=" ">
    <subfield code="c">2294</subfield>
    <subfield code="d">2294</subfield>
  </datafield>
  <datafield tag="952" ind1=" " ind2=" ">
    <subfield code="0">0</subfield>
    <subfield code="1">0</subfield>
    <subfield code="4">0</subfield>
    <subfield code="7">0</subfield>
    <subfield code="a">BRCA</subfield>
    <subfield code="b">BRCA</subfield>
    <subfield code="d">2008-11-26</subfield>
    <subfield code="i">A34</subfield>
    <subfield code="l">0</subfield>
    <subfield code="o">NK4670.7.S6 .S26 1948 (A34)</subfield>
    <subfield code="p">2551</subfield>
    <subfield code="r">2019-03-22 00:00:00</subfield>
    <subfield code="w">2019-03-22</subfield>
    <subfield code="y">B</subfield>
  </datafield>
</record>
